CAAP '81 trees in algebra and programming 6th colloquium Genoa March 5.-7. 1981

Enregistré dans:
Détails bibliographiques
Format: Livre
Langue:anglais
Publié: Berlin Springer 1981
Collection:Lecture notes in computer science 112
Tags: Ajouter un tag
Pas de tags, Soyez le premier à ajouter un tag!

MARC

LEADER 00000nam a2200000 4500
001 c138372
005 20240228131218.2
041 0 |a eng 
044 |a DE 
245 1 0 |a CAAP '81  |b trees in algebra and programming 6th colloquium Genoa March 5.-7. 1981  |c Edited by E. Astesiano, C. Böhm 
264 1 |a Berlin  |b Springer  |c 1981 
300 |a 364 s. 
490 1 |a Lecture notes in computer science  |v 112 
830 0 |a Lecture notes in computer science  |v 112